000 00586nam a22001815i 4500
001 165238
003 ES-MaACL
005 20230906213107.0
008 960320s1887 sp |||| | spa d
040 _aCARM
_bspa
_cCCPB | SIC
100 1 _aSerrano Alcazar, Rafael.
_9224162
245 1 0 _aPolitica y literatura /
_cSerrano Alcazar.
260 _aMadrid :
_b[s.n.],
_c1887 (
_fEstab. tip. "Sucesores de Rivadeneyra")
300 _a243 p. ;
_c18 cm.
752 _aEspaƱa -
_dMadrid
852 _aES-MaACL
_jG-13520
_z-- Enc. hol., conservando la cub. original
999 _c165238
_d165238